Research Methodology (Record no. 3332)

MARC details
000 -LEADER
fixed length control field 00382nam a22001697a 4500
005 - DATE AND TIME OF LATEST TRANSACTION
control field 20160620171032.0
008 - FIXED-LENGTH DATA ELEMENTS--GENERAL INFORMATION
fixed length control field 160620b xxu||||| |||| 00| 0 eng d
020 ## - INTERNATIONAL STANDARD BOOK NUMBER
ISBN 978-81-203-2452-7
041 ## - LANGUAGE CODE
Language code of text/sound track or separate title eng
082 ## - DEWEY DECIMAL CLASSIFICATION NUMBER
Item number 8631
100 ## - MAIN ENTRY--AUTHOR NAME
Personal name Paneerseluam. R
245 ## - TITLE STATEMENT
Title Research Methodology
260 ## - PUBLICATION, DISTRIBUTION, ETC. (IMPRINT)
Name of publisher PHI
Year of publication 2007
300 ## - PHYSICAL DESCRIPTION
Number of Pages 598
650 ## - SUBJECT ADDED ENTRY--TOPICAL TERM
Topical Term Management
942 ## - ADDED ENTRY ELEMENTS (KOHA)
Koha item type Books
Holdings
Lost status Damaged status Home library Date acquired Cost, normal purchase price Full call number Accession Number Koha item type
    JRU Library 20/06/2016 325.00 8631 8631 Books